The language of accounting in English
This book is good for those that want to obtain general vocabulary words and survey of USA accounting methods. 2. This is not the book for someone who is already an accountant from another country who needs to translate accounting vocabulary or jargan beyond generalities for a US job
Сохранить в:
| Формат: | |
|---|---|
| Язык: | Undetermined |
| Опубликовано: |
New York
Prentical Hall
1977
|
| Предметы: | |
| Метки: |
Добавить метку
Нет меток, Требуется 1-ая метка записи!
|
| Thư viện lưu trữ: | Trung tâm Học liệu Trường Đại học Cần Thơ |
|---|
| LEADER | 00780nam a2200193Ia 4500 | ||
|---|---|---|---|
| 001 | CTU_155481 | ||
| 008 | 210402s9999 xx 000 0 und d | ||
| 020 | |c 60000 | ||
| 082 | |a 428 | ||
| 082 | |b L287 | ||
| 245 | 4 | |a The language of accounting in English | |
| 260 | |a New York | ||
| 260 | |b Prentical Hall | ||
| 260 | |c 1977 | ||
| 520 | |a This book is good for those that want to obtain general vocabulary words and survey of USA accounting methods. 2. This is not the book for someone who is already an accountant from another country who needs to translate accounting vocabulary or jargan beyond generalities for a US job | ||
| 650 | |a English language,Acounting | ||
| 650 | |x Vocabulary | ||
| 904 | |i Bạch Trúc | ||
| 980 | |a Trung tâm Học liệu Trường Đại học Cần Thơ | ||